000
00291nam a22001337a 4500
008
170414b xxu||||| |||| 00| 0 eng d
020
_a
9781580400602
041
_a
eng
080
_2
3RD
_a
612.39
100
_a
10
101
_a
SHM
245
_a
TYPE 2 DIABETES
_c
FEDOR, J
942
_2
udc
_c
BK
999
_c
10721
_d
10721